[Event "USA-ch"]
[Site "Saint Louis"]
[Date "2016.04.22"]
[Round "8"]
[White "Nakamura, Hikaru"]
[Black "Shabalov, Alexander"]
[Result "1-0"]
[WhiteElo "2787"]
[BlackElo "2528"]
[Annotator "Besenthal,K"]
[PlyCount "87"]
[EventDate "2016.04.14"]
[EventType "tourn"]
[EventRounds "11"]
[EventCountry "USA"]
[EventCategory "17"]
[SourceTitle "CBM 172"]
[Source "ChessBase"]
[SourceDate "2016.05.12"]
[SourceVersion "1"]
[SourceVersionDate "2016.05.12"]
[SourceQuality "1"]

1. e4 c5 2. Nf3 e6 3. d4 cxd4 4. Nxd4 a6 5. Bd3 Nf6 6. O-O Qc7 7. Qe2 d6 8. c4
{Diagramm [#]} g6 {Dieser Zug genießt unter den Spielern der Weltspitze eine
hohe Akzeptanz, und bei weißem Maroczy-Aufbau steht der schwarze Läufer auf
g7 auch zweifellos besser als auf e7. Der Zug e7-e6 passt aber gar nicht dazu,
so dass Weiß zunächst die Initiative besitzt. Gegen einen Gegner wie
Nakamura ist das vielleicht nicht die beste Strategie.} 9. Nc3 Bg7 10. h3 {
Nakamura wählt einen sehr selten gespielten Zug.} (10. Rd1 {ist hier der
meistgespielte Zug.}) 10... O-O 11. Rd1 Nfd7 12. Nf3 Nc6 13. Be3 Nde5 ({
Ein Computer hätte auch mit} 13... Bxc3 14. bxc3 f6 {kein Problem gehabt.})
14. Rac1 Qe7 15. Bb1 Bd7 $6 {Diagramm [#] Zu passiv gespielt.} 16. Nh2 f5 17.
f4 Nf7 18. Qd2 Be8 19. Nf3 Rd8 20. exf5 gxf5 {Diagramm [#] Weiß hat jetzt
deutlichen Vorteil: Auf den offenen Linien im Zentrum kann er mit seinen
Schwerfiguren gleich auf zwei schwache schwarze Bauern drücken.} 21. Bf2 Rc8
22. Re1 ({Hier ging bereits} 22. Nd5 $1 exd5 23. cxd5) 22... Qf6 23. Qe2 Ncd8 {
Verliert die Qualität, doch guter Rat war bereits sehr teuer.} 24. Bh4 Qh6 25.
Be7 Bd7 26. Bxf8 Bxf8 27. Qf2 $2 {Diagramm [#] Positionell war es wohl viel
besser, den Bc4 aufzugeben und stattdessen den Bf4 zu halten.} Qxf4 28. b3 Bg7
29. Ne2 Qh6 30. Rcd1 Nc6 31. Qb6 Nfe5 $2 ({Einfach} 31... Ncd8 $1 {war gut
genug.}) 32. Nh2 $6 (32. Ned4 $1 {hätte Schwarz vor größere Probleme
gestellt.}) 32... Bf8 33. Qxb7 Be7 (33... Qe3+ $1 34. Kh1 Qc5 {Die schwarze
Dame steht gut, die weiße schlecht!}) 34. Kh1 Kh8 35. Ng1 Rg8 36. Nhf3 Be8 ({
Sofort} 36... Ng4 $1 37. Rd2 (37. Qxd7 Nf2+ 38. Kh2 Qf4+ 39. g3 Qxg3#) 37...
Nf6 {war eine weitere gute Chance für Schwarz: Die weiße Dame steht
vollkommen im Abseits, während der Anziehende zugleich am Königsflügel mit
seiner Schwäche auf den dunklen Feldern zu kämpfe hat.}) 37. c5 Ng4 38. Rd2
dxc5 39. Bxf5 {Diagramm [#]} Qxd2 $4 (39... exf5 $1 40. Rxe7 Nxe7 41. Qxe7 Nf6
$11 {Vielleicht gefiel diese Stellung mit den vielen schwachen Bauern Shabalov
nicht, aber das Feld e4 für den Springer und die weiterhin vorhandene
Schwäche des Anziehenden auf den schwarzen Feldern hätten ihm genügend
Gegenspiel verschafft.}) 40. Nxd2 Nf2+ 41. Kh2 Bd6+ 42. g3 Bxg3+ 43. Kg2 Ne7
44. Bxe6 (44. Qxe7 $4 Bh4+) 1-0

[Event "Brno"]
[Site "Brno"]
[Date "1992.??.??"]
[Round "5"]
[White "Popovic, Petar"]
[Black "Schlosser, Philipp"]
[Result "1-0"]
[WhiteElo "2535"]
[BlackElo "2500"]
[Annotator "Blatny,P"]
[PlyCount "23"]
[EventDate "1992.08.??"]
[EventType "tourn"]
[EventRounds "9"]
[EventCountry "CZE"]
[EventCategory "11"]
[SourceTitle "CBM 031"]
[Source "ChessBase"]
[SourceDate "1992.12.01"]
[SourceVersion "1"]
[SourceVersionDate "1992.12.01"]
[SourceQuality "1"]

1. e4 c5 2. Nf3 e6 3. d4 cxd4 4. Nxd4 a6 5. Bd3 Bc5 (5... Qc7) (5... Nf6 {
--> Popovic-Bischoff}) 6. Nb3 Ba7 {/^ a7-f2} 7. O-O Nc6 (7... Ne7 $142 {/\0-0})
8. Qg4 {קg7} Qf6 (8... Kf8 $5 {/\Nf6}) (8... Nf6 9. Qxg7 $6 (9. Qh4 {/\Bg5})
9... Rg8 10. Qh6 Ne5 $44) 9. Nc3 {/\Bg5} Nge7 $6 (9... h5 $5 10. Qh3 {/\Kh1,f4}
(10. Qg3 h4 11. Qg4 Ne5 $132)) (9... h6 10. Kh1 {/\f4 ->}) 10. Bg5 Qg6 11. Qh4
Ne5 $4 (11... h6) (11... f6 12. Bd2 Qf7 13. Kh1 {+/=/+/-}) 12. Be2 {/\Bh5;Be7+-
} 1-0

[Event "ISL-FRA"]
[Site "Reykjavik"]
[Date "1993.??.??"]
[Round "10"]
[White "Prie, Eric"]
[Black "Stefansson, Hannes"]
[Result "0-1"]
[WhiteElo "2470"]
[BlackElo "2495"]
[Annotator "Blatny,P"]
[PlyCount "84"]
[EventDate "1993.??.??"]
[EventType "schev"]
[EventRounds "10"]
[EventCountry "ISL"]
[SourceTitle "CBM 035"]
[Source "ChessBase"]
[SourceDate "1993.08.01"]
[SourceVersion "1"]
[SourceVersionDate "1993.08.01"]
[SourceQuality "1"]

1. e4 c5 2. Nf3 e6 3. d4 cxd4 4. Nxd4 a6 5. Bd3 Bc5 6. Nb3 Ba7 7. Qe2 (7. Nc3 {
--> Lauk-Oll}) (7. Qg4 Nf6 8. Qg3 (8. Qxg7 Rg8 9. Qh6 Bxf2+ 10. Kf1 (10. Kxf2
Ng4+ $19) 10... Rg6 $40) 8... d6 9. Nc3 Nc6 10. O-O Ne5 11. Kh1 h5 $132) 7...
Nc6 8. Nc3 (8. Be3 Bxe3 9. Qxe3 d6 (9... Nge7 10. Nc3 (10. N1d2 O-O 11. O-O-O
d6 12. f4 b5 13. e5 Nd5 $132) 10... O-O (10... d5 11. exd5 Nxd5 12. Nxd5 Qxd5
13. O-O $14) 11. O-O-O b6 12. f4 Bb7 13. Rhe1 {+/= [+]}) 10. Nc3 Nf6 11. O-O-O
O-O 12. f4 Qc7 13. Rhg1 b5 14. g4 b4 15. g5 $1 Ne8 16. Ne2 a5 17. Nbd4 $14 {
Arnason-Suetin, Sochi 1980}) 8... d6 9. Be3 Nf6 (9... Bxe3 10. Qxe3 Nf6) 10.
O-O-O b5 11. f4 (11. a3 b4) 11... b4 12. Na4 {/\13.e5 <->d} e5 13. f5 (13. fxe5
Nxe5 (13... dxe5 14. Bxa6) 14. Bxa7 Rxa7 $15) 13... O-O 14. Bxa7 Rxa7 15. g4 (
15. Bc4 {קd6} Ne8 16. Qe3 {/\Na4-b6-d5}) 15... Bd7 16. g5 Ne8 17. Rhg1 (17.
Bc4 Nb8 18. Qe3 Rb7) 17... Nb8 18. Qh5 Bxa4 19. Rg3 Bb5 20. Rh3 h6 21. f6 Nxf6
22. gxf6 Qxf6 23. Rf3 Qe6 24. Rg1 Kh7 25. Nd2 Rc7 26. Kb1 Nc6 27. Rfg3 g6 28.
Qh4 Qe7 29. Qg4 Nd4 30. h4 h5 31. Qd1 Qxh4 32. R3g2 Bxd3 33. cxd3 Rfc8 34. Nc4
Rxc4 $1 35. dxc4 Qxe4+ 36. Ka1 Rxc4 37. b3 Nc2+ 38. Kb2 Ne3 39. Qxd6 Rc2+ 40.
Rxc2 Qxc2+ 41. Ka1 Qc3+ 42. Kb1 Nc2 0-1

[Event "Linares 11th"]
[Site "Linares"]
[Date "1993.??.??"]
[Round "8"]
[White "Anand, Viswanathan"]
[Black "Ljubojevic, Ljubomir"]
[Result "1-0"]
[WhiteElo "2710"]
[BlackElo "2605"]
[Annotator "Blatny,P"]
[PlyCount "87"]
[EventDate "1993.02.??"]
[EventType "tourn"]
[EventRounds "13"]
[EventCountry "ESP"]
[EventCategory "18"]
[SourceTitle "CBM 034"]
[Source "ChessBase"]
[SourceDate "1993.06.01"]
[SourceVersion "1"]
[SourceVersionDate "1993.06.01"]
[SourceQuality "1"]

1. e4 c5 2. Nf3 e6 3. d4 cxd4 4. Nxd4 a6 5. Bd3 Qc7 6. O-O Nf6 7. Qe2 Bd6 (7...
d6 {--> CBM: Anand-Kamski, Dehli 1990, Pastor-Cramling, Sevilla 1992}) 8. Kh1
Nc6 (8... Bxh2 $2 9. f4 Bg3 (9... e5 10. Nf5 Bxf4 11. Bxf4 exf4 12. e5 $40) 10.
Qf3 Bh4 11. g3 $18) 9. c3 (9. Nf3 Ng4 10. h3 h5 $40) 9... Ne5 10. f4 (10. Bc2
Neg4 11. h3 (11. f4 e5 $5 12. Nf5 $13) 11... h5 $36) 10... Nxd3 11. Qxd3 Be7 (
11... e5 $2 12. Nf5 Bf8 13. fxe5 Qxe5 14. Bf4 $1 Qxe4 15. Nd6+ Bxd6 16. Qxd6
$40) 12. c4 {()} (12. e5 {--> CBM: Magomedov-Dizdarevic, Ljubljana 1992}) 12...
d6 13. Nc3 O-O 14. b3 Nd7 (14... Bd7 15. Bb2 {/\Rae1 +/=/+/-}) 15. f5 $5 (15.
Bb2 Bf6 {/\Nc5<=>}) 15... Bf6 16. fxe6 Ne5 (16... Nc5 $5) 17. Qg3 (17. exf7+ $6
Rxf7 18. Qg3 $13) 17... fxe6 18. Bg5 Bxg5 19. Rxf8+ Kxf8 20. Qxg5 $14 h6 (20...
Qf7 $4 21. Qd8+ $18) 21. Rf1+ Kg8 22. Qh4 b6 23. Nce2 Ra7 24. Nf4 Qe7 (24... g5
$2 25. Qg3 Qf7 26. Kg1 $1 {/\Nd5->}) 25. Qe1 Bd7 26. Qb4 Rb7 27. Kg1 Kh7 28.
Rd1 Qf6 29. Qd2 Bc8 30. Nh5 Qh4 31. Ng3 Rf7 32. Qe2 Bb7 (32... Ng4 $6 33. Nf3
Qe7 $8 34. Qd2 $18 {_|_}) (32... Qe7 $142 33. Qd2 $14) 33. Nxe6 Ng4 34. h3 $8
Nf2 (34... Qxg3 35. Qxg4 (35. hxg4 Bc8 36. Rd3 $8 Qe5 37. Nd4 Rf4 $15 {><e4,g4}
) 35... Qe3+ 36. Kh2 Bxe4 37. Qg3 Qxg3+ 38. Kxg3 Rf6 $1 39. Nf4 $14 {_|_}) 35.
Nf5 $8 Nxh3+ $2 $138 (35... Qxe4 36. Qxe4 (36. Qxf2 Rxf5 37. Re1 $8 Rxf2 38.
Rxe4 Rxg2+ (38... Rxa2 $5 39. Rg4 g5) 39. Kxg2 Bxe4+ $17 {_|_}) 36... Nxe4 $14
(36... Bxe4 37. Nxd6 $8 Nxd1 38. Nxf7 Kg6 $14 {עg1}) 37. Nxd6 $140 $6 Nxd6 38.
Rxd6 Rf6 $1 39. Rd7 Bc8 $1 40. Rxg7+ Kh8 41. Rc7 Bxe6 42. Rc6 Kg7 43. Rxb6 Bc8
{=/+/-/+ _|_}) 36. gxh3 Rxf5 37. exf5 Qg3+ 38. Kf1 Bf3 39. Qc2 $1 Qxh3+ 40. Ke1
$18 Qh1+ 41. Kd2 Bxd1 42. Qxd1 Qe4 43. Qg1 $1 Qe5 44. Qg6+ (44. Qg6+ Kh8 45.
Qe8+ Kh7 46. Nf8+ Kg8 47. Qxe5 dxe5 48. Nd7 $18) 1-0

[Event "Hafnarfirdi"]
[Site "Hafnarfirdi"]
[Date "1992.??.??"]
[Round "6"]
[White "Arnason, Jon Loftur"]
[Black "Motwani, Paul"]
[Result "1-0"]
[WhiteElo "2515"]
[BlackElo "2455"]
[Annotator "Blatny,P"]
[PlyCount "68"]
[EventDate "1992.03.??"]
[EventType "tourn"]
[EventRounds "11"]
[EventCountry "ISL"]
[EventCategory "7"]
[SourceTitle "CBM 029"]
[Source "ChessBase"]
[SourceDate "1992.08.01"]
[SourceVersion "1"]
[SourceVersionDate "1992.08.01"]
[SourceQuality "1"]

1. e4 {Ernst} c5 2. Nf3 e6 3. d4 cxd4 4. Nxd4 a6 5. Bd3 Bc5 6. Nb3 Ba7 7. Qe2
Nc6 8. Be3 {/^g1-a7} Nf6 9. Nc3 d6 10. O-O-O {->>>} b5 (10... Bxe3+ {Ernst} 11.
Qxe3 O-O 12. f4 Qc7 13. Rhg1 b5 14. g4 b4 15. g5 Ne8 16. Ne2 a5 17. Nbd4 Nxd4
18. Qxd4 Ba6 19. Kb1 e5 20. Qe3 a4 21. Rg3 f6 $13 {Arnason - Suetin, Sochi
1980.}) 11. Bxa7 Rxa7 {<->7} 12. g4 O-O $132 13. f4 b4 14. Na4 (14. Nb1 a5 $40)
14... Ne7 15. g5 Ne8 (15... Nd7 {/\Nb6} 16. Qf2 $40) 16. Qf2 Qc7 17. Nb6 (17.
Qb6 Bd7 18. Qxc7 $8 Rxc7 19. Nb6 Bb5 $10) 17... a5 {/\a4 -><<} 18. Nxc8 Nxc8
19. Nd4 Qb6 20. Rhf1 {/^g1-a7} Rc7 21. Kb1 a4 22. f5 $1 e5 23. Nb5 Rc5 $2 (
23... Qxf2 $142 24. Rxf2 Rc5) 24. c4 $1 d5 (24... bxc3 $142 25. Nxc3 $16 {
<->2,><d5}) 25. exd5 Ncd6 26. Nxd6 Nxd6 27. f6 $1 e4 (27... g6 28. Qh4 $18) 28.
fxg7 Rb8 (28... Kxg7 29. Qf6+ Kg8 30. Rf4 $1 exd3 (30... Qd8 31. Qh6 exd3 32.
Rh4 Re8 33. g6 fxg6 (33... Rxc4 34. Rxc4 Nxc4 35. Qxh7+ Kf8 36. Qxf7#) (33...
Qf6 34. gxh7+ $18) 34. Qxh7+ Kf8 35. Rf1+ Nf5 36. Qxg6 Qxh4 37. Rxf5+ Ke7 38.
Rf7+ Kd8 39. Qd6+ $18) 31. g6 $1 hxg6 32. Rh4 $18) 29. Bxe4 $18 b3 (29... Nxe4
$4 30. Qxf7#) 30. Rd3 $1 Rxc4 (30... bxa2+ 31. Ka1 {/\Bxh7+-}) 31. Bxh7+ $1
Kxg7 (31... Kxh7 32. Rh3+ $18) 32. Qf6+ Kf8 33. g6 {/\g7-g8Q} Rg4 34. Re1 {
/\Qh8#} Ne4 (34... Ne4 35. Qxf7#) 1-0

[Event "Oakham YM"]
[Site "Oakham"]
[Date "1992.??.??"]
[Round "7"]
[White "Tiviakov, Sergei"]
[Black "Bologan, Viktor"]
[Result "0-1"]
[WhiteElo "2575"]
[BlackElo "2585"]
[Annotator "Blatny,P"]
[PlyCount "60"]
[EventDate "1992.03.??"]
[EventType "swiss"]
[EventRounds "9"]
[EventCountry "ENG"]
[SourceTitle "CBM 030"]
[Source "ChessBase"]
[SourceDate "1992.10.01"]
[SourceVersion "1"]
[SourceVersionDate "1992.10.01"]
[SourceQuality "1"]

1. e4 c5 2. Nf3 e6 3. d4 cxd4 4. Nxd4 a6 5. Nc3 (5. Bd3 Nf6 6. O-O Qc7 {
Nagatz-Dautov, Bad Lauterberg 1991}) 5... b5 (5... Qc7 6. Bd3 (6. Be2 b5 7. f4
(7. O-O {Urbaneja-Meyer CBM23}) 7... Bb7 8. Bf3 b4 9. Na4 Nf6 10. Qe2 (10. e5
Ne4 11. Be3 Nc5 {Polgar,Zso-Frias INF 47/(226)}) 10... d6 11. O-O Be7 12. a3
bxa3 13. b3 $14 {Roese-Beilfuss, FRG 1991}) 6... Nf6 7. O-O Nc6 8. Nxc6 dxc6 9.
Bg5 Be7 10. a4 a5 11. Qe2 e5 $10 {Tischbierek-Kamsky, New York 1991}) 6. Bd3 d6
{/\Nf6, ><e5} 7. O-O Nf6 8. a4 {/\׫} b4 9. Na2 Qb6 (9... a5 10. Qe2 $14 {><b5}
) 10. a5 Qb7 $8 11. Re1 Be7 12. Bd2 e5 (12... d5 {קb4} 13. e5 Nfd7 14. Qg4 $40
) 13. Nf5 (13. Nb3 Nc6 $10) (13. Nf3 Nc6 14. h3 Be6 $36) 13... Bxf5 14. exf5 e4
(14... Nc6 15. f4 {/\Qf3} (15. Qf3 d5)) 15. Bxb4 (15. Bf1 d5 {[+]}) 15... exd3
16. Bxd6 Ng8 $6 (16... Nc6 17. Qf3 $5 (17. Nb4 $2 O-O 18. Nxc6 Bxd6 $19) 17...
Ng8 (17... Ra7 18. Bc5) 18. Nb4 $40) 17. Qxd3 (17. Nb4 $142 $1 Nc6 18. Qf3 (18.
Nd5 $40) 18... Rc8 19. f6 gxf6 20. Nd5 $40) 17... Nc6 18. Qc3 Kf8 19. Rad1 h5 {
/\Rh6 <->6} 20. Re3 Rh6 21. Qc5 Rxd6 22. Rxd6 Qxb2 23. g3 (23. Rxe7 Ncxe7 $19 (
23... Qa1+ $4 24. Rd1 Qxd1+ 25. Re1+ $18)) 23... Bxd6 24. Qxc6 (24. Qxd6+ Nce7
$19) 24... Rd8 25. Nc3 Qa1+ 26. Kg2 Qxa5 27. Ne4 Ne7 28. Qb7 Nxf5 29. Rd3 Be7
30. Rf3 Qd5 0-1

[Event "Porz Citroen-Cup"]
[Site "Cologne"]
[Date "1992.??.??"]
[Round "1"]
[White "Morawietz, Dieter"]
[Black "Chuchelov, Vladimir"]
[Result "1-0"]
[WhiteElo "2320"]
[BlackElo "2490"]
[Annotator "Blatny,P"]
[PlyCount "57"]
[EventDate "1992.08.??"]
[EventType "tourn"]
[EventRounds "9"]
[EventCountry "GER"]
[EventCategory "9"]
[SourceTitle "CBM 031"]
[Source "ChessBase"]
[SourceDate "1992.12.01"]
[SourceVersion "1"]
[SourceVersionDate "1992.12.01"]
[SourceQuality "1"]

1. e4 c5 2. Nf3 e6 3. d4 cxd4 4. Nxd4 a6 5. Bd3 Nf6 6. O-O Qc7 7. Qe2 d6 8. Kh1
(8. c4 g6 9. Nc3 Bg7 10. Rd1 O-O 11. Nf3 Nc6 12. h3 Nd7 13. Bf4 $13 {
Luther-Stefansson, Altensteig 1992}) 8... g6 $5 (8... Nc6) 9. f4 Bg7 10. Nc3
O-O 11. f5 $1 e5 $2 (11... Nc6 $142 12. Nb3 Ne5 {[+]}) (11... gxf5 12. Bg5 Nxe4
$6 (12... Nbd7) 13. Nxe4 fxe4 14. Qxe4 f5 15. Nxe6 Qf7 (15... fxe4 16. Nxc7 (
16. Rxf8+ Bxf8 17. Nxc7 exd3 18. Nxa8 dxc2 19. Re1 Kf7 20. Rf1+ {/\Rf2+-})
16... exd3 (16... Rxf1+ $2 17. Bxf1 $18) 17. Nxa8 dxc2 18. Rxf8+ Bxf8 (18...
Kxf8 $2 19. Rc1 Bf5 20. Rf1 $18) 19. Re1 Kf7 20. Rf1+ $1 {/\Rf2,Rxc2+-}) 16.
Rxf5 Qxf5 17. Qxf5 Rxf5 18. Bxf5 $16) 12. Nb3 {/\g4 ->} gxf5 13. Bg5 $1 f4 (
13... Nxe4 $2 14. Bxe4 fxe4 15. Nd5 $18 {-> >>}) (13... fxe4 14. Bxf6 exd3 15.
Qh5 $40) 14. Bxf6 Bxf6 15. Nd5 Qd8 16. g3 $1 f3 (16... Bh3 17. Rf2 {קf4,Bf6})
17. Qxf3 Bg7 18. Nd2 Nc6 19. Nc4 Be6 20. Nce3 Kh8 (20... Qg5 $142) 21. Qh5 Ne7
22. Rf3 (22. Nf6 Bxf6 23. Rxf6 Ng8 $14) 22... Ng6 23. Raf1 Rc8 24. Nf5 Bxd5 25.
exd5 Rc7 (25... Qb6 26. Nxg7 (26. g4 $5 {/\Rh3->}) 26... Kxg7 27. Rxf7+ Rxf7
28. Rxf7+ Kxf7 29. Qxh7+ Kf8 (29... Kf6 30. Qxg6+ {->}) 30. Qh6+ $40) 26. g4
Rg8 (26... Nf4 27. Rxf4 exf4 28. Nxg7 Kxg7 29. Qxh7+ Kf6 30. g5+ Kxg5 (30...
Ke7 31. Re1+ Kd7 32. Qf5#) 31. Qg7+ Kh5 32. Be2+ $18) 27. Qxh7+ $1 Kxh7 28.
Rh3+ Nh4 29. Nxh4+ 1-0

[Event "Ljubljana Iskra"]
[Site "Ljubljana"]
[Date "1992.??.??"]
[Round "?"]
[White "Magomedov, Magaram"]
[Black "Dizdarevic, Emir"]
[Result "1-0"]
[WhiteElo "2475"]
[BlackElo "2505"]
[Annotator "Blatny,P"]
[PlyCount "75"]
[EventDate "1992.??.??"]
[EventType "tourn"]
[EventRounds "11"]
[EventCountry "SLO"]
[EventCategory "8"]
[SourceTitle "CBM 031"]
[Source "ChessBase"]
[SourceDate "1992.12.01"]
[SourceVersion "1"]
[SourceVersionDate "1992.12.01"]
[SourceQuality "1"]

1. e4 c5 2. Nf3 e6 3. d4 cxd4 4. Nxd4 a6 5. Bd3 Nf6 6. O-O Qc7 7. Qe2 Bd6 (7...
d6 {--> Pastor-Cramling, Sevilla op 1992 --> Anand-Kamski, Dehli 1990}) 8. Kh1
Nc6 9. c3 (9. Nf3 Ng4 10. h3 h5 $40) 9... Ne5 10. f4 (10. Bc2) 10... Nxd3 11.
Qxd3 {/\e5} Be7 12. e5 Nd5 13. Qg3 (13. c4 $6 Nb4 14. Qe2 Bc5 {/\b6,Bb7}) 13...
O-O 14. Nd2 {/\Ne4} f5 15. c4 (15. exf6 Nxf6 {/\b5,Bb7=/+ ^^}) 15... Nb4 16. b3
b6 {/^a8-h1;><d7} 17. Bb2 Bb7 18. Rfd1 Rab8 19. a3 Nc6 20. Ne2 $1 (20. Nxc6
Bxc6 $15 {^^, קd7}) 20... b5 21. cxb5 (21. Rac1 $5 Ba8 $13) 21... axb5 22. b4
{/\Nb3-c5} Qd8 $6 (22... Rf7 $142 23. Rac1 Kh8 24. Nd4 Ba8 25. N2b3 Qb6 26.
Nxc6 Bxc6 27. Bd4 {/\Bc5=} (27. Nd4 Bd5 {/\Rg8,g5 ->})) 23. Nb3 Rf7 {/\Bh4,g5 /
^a8-h1 ->>>} 24. Rd3 Bh4 25. Qh3 Bf2 26. Rad1 Na7 $2 (26... Qc7 {/\Kh8,Rg8} 27.
Ned4 {קb5} Nxd4 {/^a8-h1} 28. Bxd4 Bxd4 29. Nxd4 (29. Rxd4 {/\Nc5+/=}) 29...
Be4 30. Rc3 Qb7 31. Rc5 {+/=/+/-}) 27. Bd4 $16 Bxd4 28. Nexd4 Bd5 $6 (28... Qf8
29. Nc5 Be4 30. R3d2 $16) 29. Nc5 Qf8 $2 (29... g6 $8 30. Nf3 $1 {/\Ng5,Qh6,
Rh3,Rh4,Rd3-h3 +-}) 30. Nxf5 $1 $18 Rxf5 31. Nxd7 Qf7 (31... Qc8 32. Nxb8 Qxb8
33. Rxd5 $18) 32. Nxb8 Rxf4 33. Kg1 h6 (33... Rf2 34. Qg3 $1 Rxg2+ 35. Qxg2
Bxg2 36. Rd8+ $18) 34. Nd7 Nc6 (34... Qxd7 35. Rxd5 $18) 35. Nf6+ $1 gxf6 36.
Rxd5 $1 (36. Qg3+ $2 Qg7 37. Qxf4 $4 Qxg2#) 36... Nxe5 (36... exd5 37. Qg3+)
37. Qg3+ Rg4 38. Qxg4+ $1 (38. Qxg4+ Nxg4 39. Rd8+ Kg7 40. R1d7 $18) 1-0

[Event "Amsterdam Euwe Memorial"]
[Site "Amsterdam"]
[Date "1991.??.??"]
[Round "4"]
[White "Short, Nigel D"]
[Black "Hjartarson, Johann"]
[Result "1-0"]
[WhiteElo "2635"]
[BlackElo "2535"]
[Annotator "Blatny,P"]
[PlyCount "57"]
[EventDate "1991.05.??"]
[EventType "tourn"]
[EventRounds "9"]
[EventCountry "NED"]
[EventCategory "16"]
[SourceTitle "CBM 023"]
[Source "ChessBase"]
[SourceDate "1991.08.01"]
[SourceVersion "1"]
[SourceVersionDate "1991.08.01"]
[SourceQuality "1"]

1. e4 c5 2. Nf3 e6 3. d4 cxd4 4. Nxd4 a6 5. Bd3 Nf6 6. O-O d6 7. c4 Bd7 8. Nc3
Nc6 9. Be3 Ne5 10. Be2 Rc8 11. b3 b5 $6 {Black tries to improve on
Koch-Cramling,Haifa 1989.This seems rather unlogical to me because in that
game Black got an equal position from the opening:} (11... Qa5 12. Bd2 Qc5 13.
Be3 Qa5 14. Bd2 Qc5 15. Nf3 Be7 16. Rc1 O-O 17. Be3 Qa5 18. Bd2 Qc5 $10) 12. f4
Ng6 13. Nc2 $1 Be7 14. a4 $1 bxc4 15. Bxc4 {(),><a6} Qa5 16. Qe1 Ng4 $6 (16...
O-O) 17. Bd2 Qb6+ 18. Kh1 Bh4 $2 (18... O-O $142) 19. g3 Bf6 (19... Be7 $8 20.
Qe2 $16) 20. h3 Bxc3 $8 21. Bxc3 $16 Nf6 22. Kh2 O-O 23. Bxf6 gxf6 24. Ne3 Kg7
25. Rd1 a5 26. Qc3 $40 {><f6} h5 (26... e5 27. Nd5 Qd8 (27... Qc5 28. fxe5 fxe5
29. Nf6 Be6 30. Qc1 $1 Bxc4 31. Nh5+ Kh8 32. Qh6 Rg8 33. Qg5 $1 $18) 28. fxe5
fxe5 29. Nf6 Be6 30. Qe3 Bxc4 31. bxc4 Rc7 32. c5 $1 (32. Rf5 $5 {/\ 33.Rdf1,
34.Qh6+!!}) 32... Rxc5 33. Nh5+ Kh8 34. Qh6 Rg8 35. Rxf7 $18) 27. g4 d5 28. g5
$1 $18 dxc4 29. Qxf6+ (29. Qxf6+ Kh7 30. Nf5 $1 Rg8 31. Qxf7+ Kh8 32. Qf6+ Kh7
33. Rxd7+) 1-0